Loading...
| Fine Arts - Classical Music and Opera | 4 | 7.50 | 50% | 25% | 0% |
| Fine Arts - Other Arts | 4 | 20.00 | 100% | 75% | 25% |
| Fine Arts - Painting and Sculpture | 1 | 30.00 | 100% | 100% | 100% |
| Geography | 2 | 20.00 | 100% | 100% | 0% |
| History - American History | 7 | 10.00 | 86% | 14% | 0% |
| History - European History | 3 | 13.33 | 67% | 33% | 33% |
| History - Other History | 5 | 14.00 | 80% | 40% | 20% |
| History - World History | 8 | 18.75 | 100% | 75% | 13% |
| Literature - American Literature | 3 | 13.33 | 100% | 33% | 0% |
| Literature - British Literature | 5 | 14.00 | 100% | 40% | 0% |
| Literature - European Literature | 5 | 8.00 | 80% | 0% | 0% |
| Literature - World Literature | 9 | 12.22 | 89% | 33% | 0% |
| Modern World | 1 | 20.00 | 100% | 100% | 0% |
| Mythology | 1 | 10.00 | 100% | 0% | 0% |
| Other Academic | 5 | 14.00 | 100% | 20% | 20% |
| Other Culture | 1 | 20.00 | 100% | 100% | 0% |
| Other Science (Astronomy) | 2 | 10.00 | 100% | 0% | 0% |
| Other Science (Computer Science) | 1 | 20.00 | 100% | 100% | 0% |
| Other Science (Engineering) | 1 | 20.00 | 100% | 100% | 0% |
| Other Science (Math) | 2 | 15.00 | 100% | 50% | 0% |
| Other Science (Mixed/Any) | 1 | 10.00 | 100% | 0% | 0% |
| Philosophy | 7 | 12.86 | 86% | 43% | 0% |
| Religion | 5 | 12.00 | 80% | 40% | 0% |
| Science - Biology | 4 | 5.00 | 50% | 0% | 0% |
| Science - Chemistry | 4 | 10.00 | 100% | 0% | 0% |
| Science - Physics | 4 | 2.50 | 25% | 0% | 0% |
| Social Science | 8 | 12.50 | 75% | 38% | 13% |